1602 1283 1659 1219 1985 1227 1594 1407 1656 1156 1516 1733 1740 1936 1327 1878 1230 1673 1809 1145 1552 1699 1798 1347 1919 1121 1436 1319 1247 1161 1531 1504 1201 1652 1067 1802 1170 1766 1607 1421 1616 1961 1397 1227 1535 1218 1429 1828 1899 1639 1276 1585 1942 1414 1463 1075 1378 1130 1315 1419 1746 1917 1360 1805 1223 1224 1885 1946 1160 1376 1196 1702 1486 1349 1189 1652 1407 1109 1312 1025 1357 1034 1059 1068 1340 1844 1895 1110 1377 1183 1229 1501 1403 1403 1525 1250 1679 1124 1264 BCNSPRNW ULIB Ver.6.0+V

เปลี่ยนเป็นภาษาไทย

Change to English
 แสดงรายละเอียดบรรณานุกรม
  กลับหน้าหลัก

Brief Record : Get Marc (ISO 2709) : E-mail record : QR code < ปิดหน้าต่าง
LEADER : 00000nam 2200000uu 4500
001    13399112323
003     ULIB
008    110627s2554||||th 000 0 tha d
020    9789747040104
090    นว.^bณ429ส 2554
100 0  ณารา
245 00 ส้มหวานน้ำตาลเปรี้ยว/^cณารา
250    พิมพ์ครั้งที่ 3
260    กรุงเทพฯ :^bพิมพ์คำ,^c2554
300    264 หน้า
710 1  พิมพ์คำ
945    ^p170^l0^i030392
995    ทศพร
999 ^a ใช้งานได้ทุกระบบ
รายการนี้ยังไม่มีแท็ก
คุณยังไม่ได้ล็อกอิน คุณสามารถมีกิจกรรมร่วมกับเว็บไซต์ได้ แต่ต้องล็อกอินก่อน ::
  ล็อกอิน

รายการสื่อสารสนเทศ

ลำดับที่ ประเภท เลขเรียก/บาร์โค้ด สถานที่ สถานะ
- ไม่พบข้อมูล -

รายการใกล้เคียง
    ผู้แต่ง [ณารา]

BibComment


ยังไม่เคยถูกคอมเมนท์

คอมเมนท์ทรัพยากรรายการนี้
  คอมเมนท์: ส้มหวานน้ำตาลเปรี..


 Copyright 2026. Bcnsprnw @Library